000 00301nam a2200121 4500
999 _c9652
_d9652
003 OSt
005 20211127114206.0
008 211127b ||||| |||| 00| 0 eng d
100 _aMumtaz currim and george michell
245 _aDargahs:Abodes of the saints
260 _aThe marg foundation
942 _2ddc